<?xml version="1.0" encoding="UTF-8"?><?xml-stylesheet type="text/xsl" href="static/style.xsl"?><OAI-PMH xmlns="http://www.openarchives.org/OAI/2.0/" xmlns:xsi="http://www.w3.org/2001/XMLSchema-instance" xsi:schemaLocation="http://www.openarchives.org/OAI/2.0/ http://www.openarchives.org/OAI/2.0/OAI-PMH.xsd"><responseDate>2026-04-17T03:34:34Z</responseDate><request verb="GetRecord" identifier="oai:www.recercat.cat:2445/178616" metadataPrefix="marc">https://recercat.cat/oai/request</request><GetRecord><record><header><identifier>oai:recercat.cat:2445/178616</identifier><datestamp>2025-12-05T09:20:52Z</datestamp><setSpec>com_2072_1057</setSpec><setSpec>col_2072_478799</setSpec><setSpec>col_2072_478917</setSpec></header><metadata><record xmlns="http://www.loc.gov/MARC21/slim" xmlns:dcterms="http://purl.org/dc/terms/" xmlns:xsi="http://www.w3.org/2001/XMLSchema-instance" xmlns:doc="http://www.lyncode.com/xoai" xsi:schemaLocation="http://www.loc.gov/MARC21/slim http://www.loc.gov/standards/marcxml/schema/MARC21slim.xsd">
   <leader>00925njm 22002777a 4500</leader>
   <datafield ind2=" " ind1=" " tag="042">
      <subfield code="a">dc</subfield>
   </datafield>
   <datafield ind2=" " ind1=" " tag="720">
      <subfield code="a">González Franquesa, Alba</subfield>
      <subfield code="e">author</subfield>
   </datafield>
   <datafield ind2=" " ind1=" " tag="720">
      <subfield code="a">De Nigris, Valeria</subfield>
      <subfield code="e">author</subfield>
   </datafield>
   <datafield ind2=" " ind1=" " tag="720">
      <subfield code="a">Lerín Martínez, Carlos</subfield>
      <subfield code="e">author</subfield>
   </datafield>
   <datafield ind2=" " ind1=" " tag="720">
      <subfield code="a">García-Roves, Pablo M. (Pablo Miguel)</subfield>
      <subfield code="e">author</subfield>
   </datafield>
   <datafield ind2=" " ind1=" " tag="260">
      <subfield code="c">2021-06-18T12:15:02Z</subfield>
   </datafield>
   <datafield ind2=" " ind1=" " tag="260">
      <subfield code="c">2021-06-18T12:15:02Z</subfield>
   </datafield>
   <datafield ind2=" " ind1=" " tag="260">
      <subfield code="c">2012-08-22</subfield>
   </datafield>
   <datafield ind2=" " ind1=" " tag="520">
      <subfield code="a">“Let food be your medicine and medicine be your food” stated Hippocrates, the father of&#xd;
Western medicine, in 400 B.C. This statement was based on the belief that food was able to&#xd;
influence disease, a concept that was revived several times in later years by painters, writers,&#xd;
scientists, and philosophers. One such philosopher, Ludwig Feuerbach, famously wrote in his&#xd;
1863-4 essay “man is what he eats” introducing the idea that if we want to improve the spiritual&#xd;
conditions of people we must first improve their material conditions (Feuerbach, 2003).&#xd;
However, for years his warnings remained unheeded, at least in Western countries, in contrast&#xd;
to the teachings of Indian and Chinese medicine which for millennia have argued that a living&#xd;
organism has to assume a healthy diet. Like diet, physical activity has been also considered an&#xd;
important starting point for people's health. Hippocrates wrote in his book Regimen "if we could&#xd;
give every individual the right amount of nourishment and exercise, not too little and not too&#xd;
much, we would have found the safest way to health" (Hippocrates, 1955). Our knowledge&#xd;
about the links between diet, exercise, and disease has vastly increased since Hippocrates time.&#xd;
A healthy lifestyle based on diet and physical activity is now considered the keystone of disease&#xd;
prevention and the basis for a healthy aging. However, modern society has created conditions&#xd;
with virtually unrestricted access to food resources and reduced physical activity, resulting in a&#xd;
positive overall energy balance. This is far from the environment of our ”hunter-gathered&#xd;
ancestros” whose genes were modulated over thousands of years adapting our metabolism to&#xd;
survive when food was scarce and maximizing energy storage when food became available. In&#xd;
terms of evolution, this radical and sudden lifestyle change in modern society has led to a&#xd;
dramatic increase in the incidence of metabolic diseases including obesity and type 2 diabetes&#xd;
mellitus (T2DM). It seems clear that the development of T2DM has a genetic component that&#xd;
becomes obvious when individuals are exposed to western lifestyle. However, environment plays a critical role in the incidence of the disease being obesity the main etiological cause of&#xd;
T2DM. Thus, modest weight loss is enough for obese glucose intolerant subjects to prevent the&#xd;
development of T2DM (National Task Force on the Prevention and Treatment of Obesity, 2000)...</subfield>
   </datafield>
   <datafield tag="653" ind2=" " ind1=" ">
      <subfield code="a">Múscul estriat</subfield>
   </datafield>
   <datafield tag="653" ind2=" " ind1=" ">
      <subfield code="a">Diabetis</subfield>
   </datafield>
   <datafield tag="653" ind2=" " ind1=" ">
      <subfield code="a">Striated muscle</subfield>
   </datafield>
   <datafield tag="653" ind2=" " ind1=" ">
      <subfield code="a">Diabetes</subfield>
   </datafield>
   <datafield ind2="0" ind1="0" tag="245">
      <subfield code="a">Skeletal Muscle Mitochondrial Function/Dysfunction and Type 2 Diabetes</subfield>
   </datafield>
</record></metadata></record></GetRecord></OAI-PMH>